[Event "Pan American Intercollegiate-chT"]
[Site "South Padre Island"]
[Date "2009.12.29"]
[Round "4"]
[White "Bayaraa, Zorigt"]
[Black "Liu, Elliott"]
[Result "0-1"]
[WhiteElo "2194"]
[BlackElo "2287"]
[PlyCount "57"]
[EventDate "2009.12.27"]
[EventType "team-swiss"]
[EventRounds "6"]
[EventCountry "USA"]
[SourceTitle "CBM 134 Extra"]
[Source "ChessBase"]
[SourceDate "2010.03.03"]
[SourceVersion "1"]
[SourceVersionDate "2010.03.03"]
[SourceQuality "1"]

1. Nf3 Nf6 2. c4 g6 3. Nc3 Bg7 4. g3 0-0 5. Bg2 d5 6. cxd5 Nxd5 7. 0-0 Nc6 8. d4 Nb6 9. e3 Re8 10. Qc2 e5 11. dxe5 Nxe5 12. Nd4 c5 13. Ndb5 c4 14. Rd1 Nd3 15. b3 Bg4 16. f3 Bf5 17. bxc4 Nxc4 18. g4 Nxe3 19. Bxe3 Rxe3 20. gxf5 a6 21. Bf1 Qg5+ 22. Kh1 Nb4 23. Qa4 Qf4 24. Rab1 Be5 25. Rb2 Rxf3 26. Bc4 Rf2 27. Rxf2 Qxf2 28. Bxf7+ Kh8 29. Rd2 0-1

[Event "Dallas UTD-B"]
[Site "Dallas"]
[Date "2009.11.26"]
[Round "6"]
[White "Bayaraa, Zorigt"]
[Black "Vedrickas, Tautvydas"]
[Result "0-1"]
[WhiteElo "2194"]
[BlackElo "2272"]
[PlyCount "76"]
[EventDate "2009.11.21"]
[EventType "tourn"]
[EventRounds "9"]
[EventCountry "USA"]
[EventCategory "2"]
[SourceTitle "CBM 133 Extra"]
[Source "ChessBase"]
[SourceDate "2010.01.05"]
[SourceVersion "1"]
[SourceVersionDate "2010.01.05"]
[SourceQuality "1"]

1. e4 c5 2. Nf3 d6 3. d4 cxd4 4. Nxd4 Nf6 5. Nc3 a6 6. g3 e5 7. Nde2 b5 8. Bg2 Nbd7 9. h3 b4 10. Nd5 Nxd5 11. exd5 g6 12. Be3 Bg7 13. Qd2 0-0 14. Qxb4 Rb8 15. Qxd6 Rxb2 16. Qc6 e4 17. 0-0 Ne5 18. Qa4 Nf3+ 19. Kh1 Qxd5 20. Rad1 Rxa2 21. Rxd5 Rxa4 22. Bc5 Be6 23. Bxf8 Bxd5 24. Bxg7 Kxg7 25. Nc3 Ra5 26. Nxd5 Rxd5 27. Rc1 Nd2 28. g4 f5 29. Ra1 Rd6 30. Ra4 Kf6 31. gxf5 gxf5 32. Kh2 Ke5 33. h4 Kf4 34. Ra5 Rc6 35. h5 Rxc2 36. Rxa6 Nf3+ 37. Bxf3 Kxf3 38. Ra7 e3 0-1

[Event "Dos Hermanas Internet qual-A 10th"]
[Site "ICC INT"]
[Date "2009.03.13"]
[Round "8"]
[White "Bayaraa, Zorigt"]
[Black "Laarhoven, Thijs"]
[Result "0-1"]
[WhiteElo "2228"]
[BlackElo "2226"]
[PlyCount "116"]
[EventDate "2009.03.13"]
[EventType "swiss (blitz)"]
[EventRounds "12"]
[EventCountry "ESP"]
[SourceTitle "CBM 129 Extra"]
[Source "ChessBase"]
[SourceDate "2009.05.05"]
[SourceVersion "2"]
[SourceVersionDate "2009.05.20"]
[SourceQuality "1"]

1. e4 e5 2. Nf3 Nc6 3. Bc4 Nf6 4. d3 Bc5 5. c3 d6 6. Nbd2 Bb6 7. Nf1 Be6 8. Bb3 d5 9. exd5 Nxd5 10. Ng3 Qd7 11. 0-0 0-0-0 12. a4 f5 13. a5 Nxa5 14. Nxe5 Qd6 15. Nc4 Nxc4 16. Bxc4 Nxc3 17. Bxe6+ Qxe6 18. bxc3 h6 19. Qf3 Rhf8 20. d4 g5 21. Qe2 Qc6 22. Qd3 Qd5 23. Ba3 Rf7 24. Rfe1 c5 25. Qc2 cxd4 26. cxd4+ Kb8 27. Bc5 Rc7 28. Qa4 Bxc5 29. dxc5 Qxc5 30. h3 a6 31. Re8 Rxe8 32. Qxe8+ Rc8 33. Qe6 Qd4 34. Re1 f4 35. Nf5 Qd2 36. Qe5+ Ka7 37. Nxh6 Rc2 38. Ng4 Rb2 39. Kh2 Qc2 40. Qd4+ Rb6 41. Re6 Qb3 42. Rxb6 Qxb6 43. Qxb6+ Kxb6 44. Ne5 a5 45. Nf7 a4 46. Nxg5 a3 47. Ne4 a2 48. Nd2 a1Q 49. Nf3 Kb5 50. h4 Qb2 51. h5 Qg7 52. Kh3 Qh7 53. Kg4 Qh6 54. Kh4 Qh8 55. g3 Qg8 56. g4 Qd8+ 57. g5 Qg8 58. h6 Qh8 0-1

[Event "USA tt final playoff"]
[Site "ICC INT"]
[Date "2008.12.06"]
[Round "3"]
[White "Bayaraa, Zorigt"]
[Black "Esserman, Marc"]
[Result "0-1"]
[WhiteElo "2203"]
[BlackElo "2348"]
[PlyCount "96"]
[EventDate "2008.11.10"]
[EventType "tourn"]
[EventRounds "3"]
[EventCountry "USA"]
[SourceTitle "CBM 127 Extra"]
[Source "ChessBase"]
[SourceDate "2009.01.08"]
[SourceVersion "2"]
[SourceVersionDate "2009.01.28"]
[SourceQuality "1"]

1. e4 c5 2. Nf3 d6 3. d4 cxd4 4. Nxd4 Nf6 5. Nc3 a6 6. Bg5 e6 7. f3 Be7 8. Qd2 Nc6 9. h4 h6 10. Be3 Nd7 11. 0-0-0 Qa5 12. g4 g6 13. Kb1 h5 14. Bg5 Nxd4 15. Qxd4 Qe5 16. Qd2 Bxg5 17. hxg5 hxg4 18. Rxh8+ Qxh8 19. Qxd6 Qe5 20. Qd2 gxf3 21. Na4 Kf8 22. Qb4+ Kg7 23. Qe7 b5 24. Nc3 Ra7 25. Bd3 Rc7 26. Rh1 Nf8 27. Qd8 Bb7 28. Nd1 Rd7 29. Qe8 Qd6 30. Ne3 Qe7 31. Qb8 Qxg5 32. Qh2 Kf6 33. Qf2 Ke7 34. Qxf3 Qf6 35. Qg3 Qd4 36. Qf3 Kd8 37. Rf1 Kc8 38. Qf4 e5 39. Qg3 Bxe4 40. Bxe4 Qxe4 41. Ng4 Qd5 42. a3 Re7 43. Nf6 Qc6 44. Qh4 Rc7 45. Rc1 Kb7 46. Ne4 Ne6 47. Ng3 Nd4 48. Qh2 f5 0-1

[Event "Richardson UTD IM"]
[Site "Richardson"]
[Date "2008.11.28"]
[Round "5"]
[White "Bayaraa, Zorigt"]
[Black "Bantic, Mihail"]
[Result "1-0"]
[WhiteElo "2203"]
[BlackElo "2195"]
[PlyCount "155"]
[EventDate "2008.11.26"]
[EventType "tourn"]
[EventRounds "9"]
[EventCountry "USA"]
[EventCategory "2"]
[SourceTitle "CBM 127 Extra"]
[Source "ChessBase"]
[SourceDate "2009.01.08"]
[SourceVersion "2"]
[SourceVersionDate "2009.01.28"]
[SourceQuality "1"]

1. e4 e5 2. Nf3 Nc6 3. Bc4 Nf6 4. d3 Bc5 5. c3 d6 6. Nbd2 0-0 7. 0-0 Be6 8. Re1 a5 9. h3 h6 10. Bb5 Bb6 11. Nf1 Ne7 12. d4 Ng6 13. Ng3 c6 14. Bd3 Re8 15. Be3 Qc7 16. Qd2 Kh7 17. Nf5 Bxf5 18. exf5 e4 19. fxg6+ fxg6 20. Nh4 g5 21. Nf5 exd3 22. Qxd3 g6 23. Ng3 d5 24. Bd2 Qd6 25. Rxe8 Rxe8 26. Re1 Rxe1+ 27. Bxe1 Bc7 28. Qe3 Kg7 29. f3 Kf7 30. Nf1 Qf4 31. Bd2 Qf5 32. Qe1 Qd3 33. Be3 Nh5 34. h4 Nf4 35. hxg5 hxg5 36. Bxf4 Bxf4 37. g3 Bd6 38. Qf2 b5 39. Kg2 b4 40. cxb4 axb4 41. Qd2 Qb1 42. b3 g4 43. fxg4 Qe4+ 44. Kh3 Qf3 45. Qg2 Qf6 46. Qg1 Qf3 47. Qg2 Qc3 48. Qf2+ Kg7 49. Ne3 c5 50. Nxd5 Qxd4 51. Qxd4+ cxd4 52. Kg2 Kf7 53. Kf3 Ke6 54. Nf4+ Kf6 55. g5+ Kxg5 56. Ne6+ Kf5 57. Nxd4+ Ke5 58. Nc2 Be7 59. Ke3 g5 60. Kd3 Bc5 61. Ne3 Bd4 62. Nc2 Bf2 63. Nxb4 Bxg3 64. Nc6+ Kd6 65. Nd4 Bf2 66. b4 g4 67. Nf5+ Ke5 68. Ne3 Kf4 69. Nxg4 Kxg4 70. Ke4 Kg5 71. Ke5 Bg3+ 72. Ke6 Kf4 73. Kd5 Kf5 74. a4 Kf6 75. a5 Ke7 76. a6 Bb8 77. Kc6 Ba7 78. Kb7 1-0

[Event "Richardson UTD IM"]
[Site "Richardson"]
[Date "2008.11.26"]
[Round "2"]
[White "Vaidya, Chaitanya N"]
[Black "Bayaraa, Zorigt"]
[Result "1-0"]
[WhiteElo "2170"]
[BlackElo "2203"]
[PlyCount "69"]
[EventDate "2008.11.26"]
[EventType "tourn"]
[EventRounds "9"]
[EventCountry "USA"]
[EventCategory "2"]
[SourceTitle "CBM 127 Extra"]
[Source "ChessBase"]
[SourceDate "2009.01.08"]
[SourceVersion "2"]
[SourceVersionDate "2009.01.28"]
[SourceQuality "1"]

1. d4 Nf6 2. c4 e6 3. Nc3 Bb4 4. Qc2 c5 5. dxc5 0-0 6. a3 Bxc5 7. Nf3 b6 8. Bf4 Bb7 9. e4 Nc6 10. b4 Be7 11. Rd1 Nh5 12. Bc1 f5 13. exf5 exf5 14. Bd3 Bf6 15. Nd5 Ne7 16. 0-0 Nxd5 17. cxd5 g6 18. Bh6 Bg7 19. Bxg7 Kxg7 20. Ne5 Nf4 21. Bb5 Qg5 22. f3 Nxd5 23. f4 Qf6 24. Qb3 d6 25. Rxd5 Bxd5 26. Qxd5 dxe5 27. fxe5 Qe7 28. e6 Rad8 29. Qe5+ Kg8 30. Bc4 Rc8 31. Bb3 Rfd8 32. Bd5 Qd6 33. e7+ Qxd5 34. e8Q+ Rxe8 35. Qxd5+ 1-0

[Event "USA tt qf"]
[Site "ICC INT"]
[Date "2008.11.10"]
[Round "1"]
[White "Bayaraa, Zorigt"]
[Black "Naroditsky, Daniel"]
[Result "1-0"]
[WhiteElo "2203"]
[BlackElo "2382"]
[PlyCount "63"]
[EventDate "2008.11.10"]
[EventType "tourn"]
[EventRounds "1"]
[EventCountry "USA"]
[SourceTitle "EXT 2009"]
[Source "ChessBase"]
[SourceDate "2008.11.26"]
[SourceVersion "1"]
[SourceVersionDate "2008.11.26"]
[SourceQuality "1"]

1. d4 Nf6 2. Nf3 g6 3. c4 Bg7 4. Nc3 0-0 5. e4 d6 6. Be2 Na6 7. 0-0 e5 8. Be3 c6 9. d5 Ng4 10. Bg5 f6 11. Bh4 c5 12. Ne1 h5 13. h3 Nh6 14. a3 g5 15. Bg3 g4 16. hxg4 Nxg4 17. Nf3 Bh6 18. Nh4 Bg5 19. Nf5 Bxf5 20. exf5 Nh6 21. Bd3 h4 22. f4 exf4 23. Bxf4 Qe7 24. Ne4 Nxf5 25. Qh5 Qg7 26. Rae1 Rad8 27. Nxf6+ Bxf6 28. Bxf5 Nc7 29. Bh6 Qh8 30. Re4 Bg7 31. Rg4 Rf7 32. Be6 1-0

[Event "USA tt"]
[Site "ICC INT"]
[Date "2008.09.03"]
[Round "2"]
[White "Harper, Warren"]
[Black "Bayaraa, Zorigt"]
[Result "0-1"]
[WhiteElo "2294"]
[BlackElo "2179"]
[PlyCount "80"]
[EventDate "2008.10.22"]
[EventType "team-tourn"]
[EventRounds "10"]
[EventCountry "USA"]
[SourceTitle "CBM 126 Extra"]
[Source "ChessBase"]
[SourceDate "2008.11.05"]
[SourceVersion "1"]
[SourceVersionDate "2008.11.05"]
[SourceQuality "1"]

1. d4 Nf6 2. c4 e6 3. g3 Be7 4. Bg2 d5 5. Nf3 0-0 6. 0-0 b6 7. Nc3 Bb7 8. cxd5 exd5 9. Be3 Nbd7 10. Qb3 c6 11. Rad1 Bd6 12. Nh4 g6 13. Bg5 Be7 14. Nf3 Re8 15. Rfe1 a5 16. h3 b5 17. a3 Nb6 18. Ne5 a4 19. Qc2 Nfd7 20. Bxe7 Qxe7 21. Nxd7 Qxd7 22. e4 Nc4 23. f4 Re7 24. g4 f6 25. Qf2 Rae8 26. Re2 Kh8 27. e5 Rf8 28. Qg3 Bc8 29. Na2 fxe5 30. dxe5 Qc7 31. h4 h5 32. g5 Bg4 33. Bf3 Bxf3 34. Qxf3 Rxe5 35. Qc3 Rxf4 36. Rde1 d4 37. Qh3 Rg4+ 38. Kh1 Rxe2 39. Rxe2 Qf4 40. Rh2 Qe4+ 0-1

[Event "Tulsa Okie Masters"]
[Site "Tulsa"]
[Date "2008.08.31"]
[Round "4"]
[White "Bayaraa, Zorigt"]
[Black "Smith, Bryan G"]
[Result "1/2-1/2"]
[WhiteElo "2179"]
[BlackElo "2394"]
[PlyCount "63"]
[EventDate "2008.08.30"]
[EventType "tourn"]
[EventRounds "7"]
[EventCountry "USA"]
[SourceTitle "CBM 126 Extra"]
[Source "ChessBase"]
[SourceDate "2008.11.05"]
[SourceVersion "1"]
[SourceVersionDate "2008.11.05"]
[SourceQuality "1"]

1. Nf3 Nf6 2. g3 d5 3. Bg2 c6 4. d4 Bg4 5. Nbd2 e6 6. c4 Nbd7 7. 0-0 Be7 8. b3 0-0 9. Bb2 Qa5 10. a3 dxc4 11. bxc4 c5 12. d5 exd5 13. cxd5 Nxd5 14. Nb3 Qb6 15. Qxd5 Be6 16. Qd2 Qxb3 17. Rab1 Qd5 18. Qe3 Qh5 19. Ne5 Nxe5 20. Bxe5 Rae8 21. Rxb7 Bc8 22. Rxa7 Bf6 23. f4 Bxe5 24. Qxc5 Qxe2 25. fxe5 Rxe5 26. Qxf8+ Kxf8 27. Rfxf7+ Kg8 28. Rxg7+ Kh8 29. Rxh7+ Kg8 30. Rhg7+ Kh8 31. Rh7+ Kg8 32. Rhg7+ 1/2-1/2

[Event "Tulsa Okie Masters"]
[Site "Tulsa"]
[Date "2008.08.31"]
[Round "5"]
[White "Holt, Conrad"]
[Black "Bayaraa, Zorigt"]
[Result "1-0"]
[WhiteElo "2219"]
[BlackElo "2179"]
[PlyCount "73"]
[EventDate "2008.08.30"]
[EventType "tourn"]
[EventRounds "7"]
[EventCountry "USA"]
[SourceTitle "CBM 126 Extra"]
[Source "ChessBase"]
[SourceDate "2008.11.05"]
[SourceVersion "1"]
[SourceVersionDate "2008.11.05"]
[SourceQuality "1"]

1. d4 Nf6 2. c4 e6 3. Nf3 b6 4. Nc3 Bb4 5. Qb3 Bxc3+ 6. Qxc3 Ne4 7. Qc2 Bb7 8. Bf4 f5 9. h3 d6 10. g4 Qf6 11. g5 Qe7 12. Bg2 Nd7 13. Nd2 Nec5 14. Rg1 Bxg2 15. Rxg2 Nb7 16. Bh2 Rf8 17. f4 0-0-0 18. Qa4 a5 19. 0-0-0 e5 20. c5 bxc5 21. dxe5 dxe5 22. Nc4 e4 23. Qc6 Qf7 24. b3 Kb8 25. Rgg1 Qg6 26. Qb5 Nb6 27. Ne5 Rxd1+ 28. Rxd1 Qe8 29. Nc6+ Kc8 30. Na7+ Kb8 31. Nc6+ Kc8 32. Bg1 Qh5 33. Qa6 Qxh3 34. Na7+ Kb8 35. Nc6+ Kc8 36. Kc2 Nd7 37. Qa8+ 1-0

[Event "Chicago op 17th"]
[Site "Chicago"]
[Date "2008.05.25"]
[Round "4"]
[White "Bayaraa, Zorigt"]
[Black "Daly, Troy"]
[Result "1-0"]
[WhiteElo "2162"]
[BlackElo "2151"]
[PlyCount "106"]
[EventDate "2008.05.23"]
[EventType "swiss"]
[EventRounds "7"]
[EventCountry "USA"]
[SourceTitle "CBM 124 Extra"]
[Source "ChessBase"]
[SourceDate "2008.07.03"]
[SourceVersion "1"]
[SourceVersionDate "2008.07.03"]
[SourceQuality "1"]

1. Nf3 c5 2. c4 Nc6 3. g3 g6 4. Bg2 Bg7 5. Nc3 Nf6 6. 0-0 0-0 7. d4 cxd4 8. Nxd4 d6 9. Nxc6 bxc6 10. Bxc6 Bh3 11. Bg2 Bxg2 12. Kxg2 Qc8 13. Qd3 Nd7 14. b3 Qb7+ 15. Kg1 Rfc8 16. Bb2 Ne5 17. Qc2 Rab8 18. Rab1 h5 19. h4 f5 20. Qd2 Qd7 21. Nd5 Kh7 22. Rfd1 e6 23. Nf4 Rc6 24. Nd3 Ng4 25. Bxg7 Qxg7 26. Nf4 Qe5 27. Nh3 Kg8 28. Ng5 Rf8 29. Nf3 Qe4 30. Qd3 Ra6 31. Rb2 Qc6 32. Rbd2 Rd8 33. Qc2 Qc5 34. Rf1 Rc6 35. Qb2 e5 36. Ng5 d5 37. cxd5 Rxd5 38. Rxd5 Qxd5 39. Qa3 Qc5 40. Qb2 Qc2 41. Qa3 Qc5 42. b4 Qd4 43. e3 Qd7 44. Qb3+ Kg7 45. Rd1 Qe7 46. b5 Rb6 47. Qc4 e4 48. Rd8 Nf6 49. Ra8 Qd7 50. Qc5 Ne8 51. a4 Rb7 52. Qe5+ Nf6 53. Ne6+ Kf7 1-0

[Event "USA-ch Qualifier"]
[Site "Tulsa"]
[Date "2008.03.28"]
[Round "2"]
[White "Bayaraa, Zorigt"]
[Black "Bhat, Vinay S"]
[Result "0-1"]
[WhiteElo "2162"]
[BlackElo "2481"]
[PlyCount "68"]
[EventDate "2008.03.28"]
[EventType "swiss"]
[EventRounds "7"]
[EventCountry "USA"]
[SourceTitle "CBM 123 Extra"]
[Source "ChessBase"]
[SourceDate "2008.05.06"]
[SourceVersion "1"]
[SourceVersionDate "2008.05.06"]
[SourceQuality "1"]

1. e4 e6 2. d4 d5 3. Nd2 Nc6 4. exd5 exd5 5. Ngf3 Bg4 6. Be2 Qd7 7. c3 Bd6 8. 0-0 Nge7 9. Re1 f6 10. b4 a6 11. a4 0-0 12. Nb3 Rae8 13. Nc5 Qc8 14. h3 Bh5 15. Nd3 g5 16. h4 h6 17. hxg5 hxg5 18. b5 axb5 19. axb5 Nd8 20. Ba3 Nf7 21. Bxd6 Nxd6 22. Qb3 Qf5 23. Nc5 Bf7 24. Bd3 Qc8 25. b6 c6 26. Nd2 Ng6 27. g3 Qg4 28. Nf1 Kg7 29. Ne3 Rxe3 30. Rxe3 Rh8 31. Bf1 Nf5 32. Rae1 Nxe3 33. Rxe3 Nf4 34. Nd3 Qh5 0-1

[Event "USA tt"]
[Site "ICC INT"]
[Date "2007.08.29"]
[Round "1"]
[White "Wheeler, Jerry"]
[Black "Bayaraa, Zorigt"]
[Result "1/2-1/2"]
[WhiteElo "2155"]
[BlackElo "2167"]
[PlyCount "133"]
[EventDate "2007.08.29"]
[EventType "team-tourn"]
[EventRounds "10"]
[EventCountry "USA"]
[SourceTitle "CBM 120 Extra"]
[Source "ChessBase"]
[SourceDate "2007.11.01"]
[SourceVersion "1"]
[SourceVersionDate "2007.11.01"]
[SourceQuality "1"]

1. d4 Nf6 2. Nf3 e6 3. c4 b6 4. a3 Bb7 5. Nc3 Be7 6. d5 0-0 7. e4 exd5 8. cxd5 Re8 9. Bd3 d6 10. 0-0 Nbd7 11. Nd4 Nc5 12. Bb5 Ncd7 13. Re1 a6 14. Bc6 Qc8 15. f4 Bf8 16. Bxb7 Qxb7 17. Nc6 Nb8 18. Nxb8 Raxb8 19. Qf3 c6 20. Be3 c5 21. Bf2 Qc7 22. Rad1 Nd7 23. Bg3 g6 24. e5 f5 25. exf6 Nxf6 26. f5 Qg7 27. Re6 Rxe6 28. dxe6 Rd8 29. fxg6 hxg6 30. Rf1 Be7 31. Qc6 Qh6 32. Qxb6 Qe3+ 33. Kh1 Qxe6 34. Re1 Qf7 35. Qxa6 Nh5 36. Qd3 Kg7 37. Nd5 Nxg3+ 38. hxg3 Bf6 39. Nxf6 Qxf6 40. Qc3 Qxc3 41. bxc3 Ra8 42. Ra1 Ra4 43. Kg1 Kf6 44. Kf2 Ke5 45. Ke3 Kd5 46. Kd3 Rg4 47. Rd1 Rxg3+ 48. Kc2+ Kc6 49. Rd2 Kb5 50. Kb3 c4+ 51. Kb2 Kc6 52. a4 d5 53. Rc2 Kc5 54. Rd2 g5 55. Kc2 g4 56. Kb2 Re3 57. a5 g3 58. a6 Kb6 59. Rxd5 Re2+ 60. Ka3 Kxa6 61. Kb4 Rxg2 62. Rd6+ Kb7 63. Kxc4 Rg1 64. Rg6 g2 65. Kc5 Rc1 66. Rxg2 Rxc3+ 67. Kd4 1/2-1/2

[Event "Tulsa Okie Masters"]
[Site "Tulsa"]
[Date "2007.05.28"]
[Round "7"]
[White "Langer, Mikhail"]
[Black "Bayaraa, Zorigt"]
[Result "0-1"]
[WhiteElo "2315"]
[BlackElo "2155"]
[PlyCount "88"]
[EventDate "2007.05.26"]
[EventType "tourn"]
[EventRounds "7"]
[EventCountry "USA"]
[SourceTitle "CBM 118 Extra"]
[Source "ChessBase"]
[SourceDate "2007.07.04"]
[SourceVersion "1"]
[SourceVersionDate "2007.07.04"]
[SourceQuality "1"]

1. e4 c5 2. Nf3 d6 3. d4 cxd4 4. Nxd4 Nf6 5. Nc3 g6 6. Be3 Bg7 7. f3 0-0 8. Qd2 Nc6 9. Bc4 Bd7 10. 0-0-0 Rc8 11. Bb3 Ne5 12. h4 h5 13. Bg5 Rc5 14. f4 Nc4 15. Qd3 b5 16. e5 Ng4 17. exd6 Rxg5 18. hxg5 Nf2 19. Qe2 Nxd1 20. Rxd1 Nxd6 21. Qd3 Bg4 22. Rd2 Nc4 23. Bxc4 bxc4 24. Qxc4 Qb8 25. Nc6 Qb7 26. Qb5 Qa8 27. Nd5 Kh7 28. Ndxe7 Re8 29. b3 Rxe7 30. Nxe7 Qe4 31. c3 Qxe7 32. Kb2 Qe3 33. Rd3 Qxf4 34. Qe8 Be6 35. Qe7 Qf2+ 36. Ka3 Qxg2 37. Qd8 Qc2 38. c4 Qb2+ 39. Kb4 Qxa2 40. c5 Qc2 41. Qd6 Bf8 42. Qxf8 Qxd3 43. c6 Qxb3+ 44. Ka5 Qb6+ 0-1

[Event "Tulsa Okie Masters"]
[Site "Tulsa"]
[Date "2007.05.27"]
[Round "3"]
[White "Movsisyan, Movses"]
[Black "Bayaraa, Zorigt"]
[Result "1-0"]
[WhiteElo "2280"]
[BlackElo "2155"]
[PlyCount "36"]
[EventDate "2007.05.26"]
[EventType "tourn"]
[EventRounds "7"]
[EventCountry "USA"]
[SourceTitle "CBM 118 Extra"]
[Source "ChessBase"]
[SourceDate "2007.07.04"]
[SourceVersion "1"]
[SourceVersionDate "2007.07.04"]
[SourceQuality "1"]

1. e4 c5 2. Nf3 d6 3. Bb5+ Bd7 4. Bxd7+ Qxd7 5. 0-0 Nc6 6. c3 Nf6 7. Re1 e5 8. d4 g6 9. Bg5 Bg7 10. Na3 h6 11. Bxf6 Bxf6 12. dxc5 dxc5 13. Qxd7+ Kxd7 14. Rad1+ Ke6 15. Rd5 Be7 16. Nc4 f6 17. Red1 Rad8 18. a4 b6 1-0